000008120 001__ 8120
000008120 005__ 20260605100505.0
000008120 037__ $$aOUTRTLK-2026-0026
000008120 100__ $$aJanssens, Jan
000008120 245__ $$aRuimteweer: Hoe, waarom, en de zonnestorm van 19 januari 2026
000008120 260__ $$c2026
000008120 269__ $$c2026-05-23
000008120 594__ $$aSTCE
000008120 773__ $$tGalileo Limburg (KNVWS Afdeling Zuid-Limburg) - Heerlen (The Netherlands)
000008120 8560_ $$fjan.janssens@ksb-orb.be
000008120 8564_ $$s10358737$$uhttps://publi2-as.oma.be/record/8120/files/Heerlen_23May2026.pdf
000008120 8564_ $$s7388$$uhttps://publi2-as.oma.be/record/8120/files/Heerlen_23May2026.jpg?subformat=icon-180$$xicon-180
000008120 8564_ $$s8007$$uhttps://publi2-as.oma.be/record/8120/files/Heerlen_23May2026.gif?subformat=icon$$xicon
000008120 980__ $$aOUTRTLK